[Event "New York op 5'"]
[Site "New York"]
[Date "1998.??.??"]
[Round "?"]
[White "Pigusov, Evgeny"]
[Black "Chernin, Alexander"]
[Result "1-0"]
[WhiteElo "2575"]
[BlackElo "2645"]

1.Nf3 d5 2.g3 c6 3.Bg2 Bg4 4.d3 Nd7 5.c4 e6 6.O-O Bd6 7.cxd5 exd5 8.Qb3 Qb6
9.Qc2 Ngf6 10.Nc3 O-O 11.e4 dxe4 12.dxe4 Rfe8 13.Be3 Qc7 14.Nd4 Ne5 15.h3 Bd7
16.f4 Nc4 17.Bf2 Bf8 18.e5 Nd5 19.Nxd5 cxd5 20.Bxd5 Rac8 21.Rac1 Bxh3 22.Qxc4 Qd7
23.Qb3 Bxf1 24.Rxf1 Bc5 25.e6 fxe6 26.Bxe6+ Rxe6 27.Qxe6+ Qxe6 28.Nxe6 Bxf2+
29.Rxf2  1-0

[Event "NOR-chT"]
[Site "NOR"]
[Date "1998.??.??"]
[Round "?"]
[White "Dannevig, Oystein"]
[Black "Gullaksen, Eirik T"]
[Result "1-0"]
[WhiteElo "2325"]
[BlackElo "2345"]

1.Nf3 d5 2.g3 Nf6 3.Bg2 Bf5 4.O-O h6 5.d3 e6 6.Nbd2 Bc5 7.b3 O-O 8.Bb2 a5
9.a4 Na6 10.Ne5 Bh7 11.Kh1 c6 12.e3 Qc7 13.Qe2 Bd6 14.f4 Nc5 15.e4 Nfd7 16.Nxd7 Qxd7
17.Rae1 Rfe8 18.Qf2 Qc7 19.g4 dxe4 20.Nxe4 Nxe4 21.Bxe4 Bxe4+ 22.Rxe4 Rad8
23.Rfe1 Qd7 24.Qd4 Bf8 25.Qxd7 Rxd7 26.f5 Bb4 27.fxe6 fxe6 28.Rxe6 Rf8 29.R1e2 Rf1+
30.Kg2 Rdf7 31.Re8+ Kh7 32.Be5 Kg6 33.Bg3 Bc5 34.R8e4 Rg1+ 35.Kh3 Rd1 36.Re5 Bb4
37.Re6+ Kh7 38.R6e4 Bc5 39.Be1 b6 40.Kg2 Rf6 41.Re6 Rxe6 42.Rxe6 Rc1 43.Re2 Bd4
44.Kf3 Kg6 45.Ke4 Bf6 46.Ke3 Be5 47.h3 Rd1 48.Kf3 Kf6 49.h4 g6 50.h5 gxh5
51.Bh4+ Ke6 52.Bg3 hxg4+ 53.Kxg4  1-0

[Event "NOR-chT9899"]
[Site "NOR"]
[Date "1998.??.??"]
[Round "2"]
[White "Hole, Oystein"]
[Black "Rorvik, Jon F"]
[Result "1-0"]
[WhiteElo "2210"]
[BlackElo "2160"]

1.Nf3 d5 2.g3 Nd7 3.Bg2 e5 4.d3 Ngf6 5.O-O Be7 6.Nbd2 O-O 7.e4 c6 8.c3 Qc7
9.Re1 dxe4 10.dxe4 Nb6 11.Qc2 h6 12.b3 Be6 13.Bb2 Rad8 14.Nf1 Rfe8 15.c4 Nfd7
16.Qc3 f6 17.a4 Nc5 18.Re3 Bf7 19.a5 Nc8 20.b4 Ne6 21.c5 Nd4 22.N1d2 a6 23.Qc1 Ne6
24.Nc4 Na7 25.Bf1 Nb5 26.Nb6 Ned4 27.Nxd4 Nxd4 28.Bc4 Bf8 29.Raa3 Kh8 30.Rad3 Ne6
31.Qd1 Ng5 32.f3 Bxc4 33.Nxc4 Rxd3 34.Rxd3 Qf7 35.Qc2 Qh5 36.Qc3 Nh3+ 37.Kg2 Ng5
38.h4 Ne6 39.Qd2 Qg6 40.Rd7 Nf4+ 41.Kh2 Nh5 42.g4 Nf4 43.h5 Qg5 44.Qe1 Kh7
45.Ne3 Ne6 46.Nf5 Qf4+ 47.Kg2 Ng5 48.Qf1 Nxe4 49.Bc1  1-0

[Event "Nova Gorica op"]
[Site "Nova Gorica"]
[Date "1998.??.??"]
[Round "4"]
[White "Badea, Bela"]
[Black "Pavasovic, Dusko"]
[Result "1/2-1/2"]
[WhiteElo "2545"]
[BlackElo "2505"]

1.Nf3 d5 2.g3 Bg4 3.Bg2 Nd7 4.d4 e6 5.O-O Ngf6 6.c4 c6 7.b3 Bd6 8.Bb2 O-O
9.Nbd2 Re8 10.Ne5 Bf5  1/2-1/2

[Event "Nova Gorica op"]
[Site "Nova Gorica"]
[Date "1998.??.??"]
[Round "6"]
[White "Badea, Bela"]
[Black "Scekic, Milos"]
[Result "1-0"]
[WhiteElo "2545"]
[BlackElo "2430"]

1.Nf3 d5 2.g3 c6 3.Bg2 Nf6 4.O-O e6 5.d3 b6 6.Nbd2 Bb7 7.e4 Be7 8.Qe2 c5
9.Re1 O-O 10.e5 Nfd7 11.Nf1 Nc6 12.h4 Re8 13.Bh3 Nf8 14.c3 f6 15.N1h2 Nxe5
16.Nxe5 fxe5 17.Nf3 d4 18.c4 Bxf3 19.Qxf3 Bf6 20.Bd2 Rb8 21.b3 Ng6 22.a4 Qd6
23.Qg4 Rb7 24.Bg2 Rf7 25.Be4 Ne7 26.a5 Nf5 27.Reb1 Bd8 28.b4 Ref8 29.axb6 axb6
30.Ra6 Qd7 31.bxc5 bxc5 32.Rb7 Qc8 33.Rxf7 Rxf7 34.Rc6 Qd7 35.Rxc5 Qa7 36.Rc8 Qa1+
37.Kg2 Rf8 38.Qe2 Qb2 39.Bf3 Nd6 40.Rc6 Be7 41.Bg5 Qxe2 42.Bxe2 Bxg5 43.Rxd6 Bf6
44.Rxe6 Kf7 45.Ra6 Ke7 46.Bg4 Rb8 47.c5 Rb3 48.Ra7+ Kd8 49.c6 Rc3 50.Rd7+ Ke8
51.c7 h5 52.Be6 e4 53.dxe4 Rc6 54.e5 Bxe5 55.Rd5  1-0

[Event "RUS-ch sf"]
[Site "Novosibirsk"]
[Date "1998.??.??"]
[Round "?"]
[White "Siuniakov, Igor"]
[Black "Averchenko, Sergej"]
[Result "0-1"]
[WhiteElo "2415"]
[BlackElo "2275"]

1.Nf3 d5 2.g3 Nf6 3.Bg2 Bg4 4.Ne5 Bf5 5.c4 c6 6.cxd5 cxd5 7.Nc3 e6 8.g4 Bg6
9.h4 Nfd7 10.Qa4 f6 11.Nxg6 hxg6 12.Qc2 f5 13.gxf5 gxf5 14.Nxd5 exd5 15.Bxd5 Nc6
16.Qxf5 Qf6 17.Qe4+ Be7 18.d4 Rxh4 19.Rxh4 Qxh4 20.Bf4 g5 21.Bxc6 bxc6 22.Qxc6 Rd8
23.Be5 Kf8 24.Qf3+ Ke8 25.Qc6 Kf8 26.Bd6 Qxd4 27.Rd1 Qf6 28.Rd5 Ne5 29.Bxe7+ Qxe7
30.Qh6+ Kg8 31.Rxd8+ Qxd8 32.Qe6+ Nf7 33.b4 Qd4 34.Qb3 Kg7 35.a4 Ne5 36.b5 Nc4
37.e3 Qd2+ 38.Kf1 Qd5 39.Ke2 g4 40.Qc3+ Kg6 41.Qc2+ Kg5 42.e4 Qf7 43.Qc3 Qe6
44.Qc1+ Kg6 45.Qc2 Ne5 46.Ke3 Qb6+ 47.Kf4 Qf6+ 48.Ke3 Kg5 49.a5 Qf4+ 50.Ke2 Qf3+
51.Ke1 Nd3+ 52.Kd2 Nxf2 53.Qc5+ Kh4 54.Qe7+ Kh3 55.Qh7+ Kg2 56.Qb7 Qd3+ 57.Kc1 Qc3+
58.Kb1 Nd3 59.e5+ Kg3  0-1

[Event "RUS-ch sf"]
[Site "Novosibirsk"]
[Date "1998.??.??"]
[Round "?"]
[White "Landa, Konstantin"]
[Black "Kargin, Arseny"]
[Result "1-0"]
[WhiteElo "2505"]
[BlackElo "2285"]

1.Nf3 d5 2.g3 c6 3.Bg2 Bg4 4.b3 Nd7 5.Bb2 Ngf6 6.O-O e6 7.d3 Be7 8.Nbd2 O-O
9.h3 Bxf3 10.Nxf3 Qc7 11.c4 Rac8 12.Rc1 Qb8 13.Rc2 b5 14.Qa1 bxc4 15.bxc4 Qb4
16.Ne5 Nc5 17.Bd4 Qa5 18.Rfc1 Rc7 19.Ng4 Ne8 20.Bc3 Qa3 21.Bb2 Qa5 22.Ne5 f6
23.Nf3 Na4 24.Nd4 Nc5 25.cxd5 cxd5 26.Rxc5 Rxc5 27.Nxe6 Rxc1+ 28.Qxc1 Rf7
29.Qc6 Nd6 30.Qa8+ Bf8 31.Bxd5 Ne8 32.Nd8 Nd6 33.Nxf7  1-0

[Event "RUS-ch sf"]
[Site "Novosibirsk"]
[Date "1998.??.??"]
[Round "?"]
[White "Petrov, Sergei"]
[Black "Bobarykin, D."]
[Result "1-0"]
[WhiteElo "2260"]
[BlackElo "2225"]

1.Nf3 d5 2.g3 Nf6 3.Bg2 Bf5 4.O-O c5 5.c4 Nc6 6.cxd5 Nxd5 7.Nc3 Nxc3 8.bxc3 Qd7
9.Re1 e6 10.e4 Bg4 11.h3 Bxf3 12.Bxf3 Be7 13.d3 Rd8 14.Be2 Ne5 15.d4 Nc6
16.d5 exd5 17.Bg4 Qc7 18.Bf4 Qa5 19.exd5 O-O 20.Qf3 Bf6 21.dxc6 Bxc3 22.c7 Bxe1
23.cxd8=Q Rxd8 24.Qxb7 h6 25.Qe7 Bc3 26.Bc7  1-0

[Event "Nyirsegi Torna op"]
[Site "Nyirsegi Torna"]
[Date "1998.??.??"]
[Round "3"]
[White "Okhotnik, Vladimir"]
[Black "Dovzik, Juri"]
[Result "1/2-1/2"]
[WhiteElo "2405"]
[BlackElo "2390"]

1.Nf3 d5 2.g3 g6 3.Bg2 Bg7 4.d4 Nf6 5.c4 c6 6.cxd5 cxd5 7.Ne5 O-O 8.Nc3 Nc6
9.Bf4 Qb6 10.Nxc6 bxc6 11.Qd2 Ng4 12.e3 e5 13.dxe5 Nxe5 14.Bxe5 Bxe5 15.O-O Bf5
16.Rac1 Rac8 17.Na4 Qb8 18.b3 Rfd8 19.h3 h5 20.Rfd1 Bg7 21.Qa5 Re8 22.Qa6 Rc7
23.Nc5 Bc8 24.Qa4 Ree7 25.e4 Qb6 26.Qa3 Kh7 27.Na4 Qb8 28.Nc5 Qb6 29.Rc2 a5
30.Kh2 h4 31.gxh4 Be5+ 32.Kh1 Qb4 33.Qc1 Bg7 34.a3 Qb6 35.h5 Bh6 36.hxg6+ fxg6
37.Qb1 Rf7 38.b4 Rce7 39.bxa5 Qxa5 40.Qb4 Qa7 41.exd5 cxd5 42.Bxd5 Rf4 43.Qb3 Qa5
44.Bg8+ Kh8 45.Be6 Rf8 46.Bxc8 Rxc8 47.Qd3 Qa8+ 48.f3 Qc6 49.Qd4+ Kh7 50.Rc3 Rf7
51.Ne4 Qe6 52.Nf6+ Kh8 53.Rxc8+ Qxc8 54.Qd8+ Rf8 55.Qxc8 Rxc8 56.Rd7 Bg7
57.Ne4 Ra8 58.Rd6 Rxa3 59.Rd8+ Kh7 60.Kg2 Ra2+ 61.Kg3 Ra1 62.Ng5+ Kh6 63.Nf7+ Kh7
64.Rd7 Ra5 65.h4 Ra6 66.Ng5+ Kh6 67.Rb7 Rc6  1/2-1/2

[Event "RUS-Cup"]
[Site "Omsk/Perm"]
[Date "1998.??.??"]
[Round "3"]
[White "Tolstikh, Nikolay"]
[Black "Yashtylov, Anatolij"]
[Result "0-1"]
[WhiteElo "2420"]
[BlackElo "2295"]

1.Nf3 d5 2.g3 c6 3.Bg2 Bg4 4.O-O Nd7 5.d4 Bxf3 6.Bxf3 e6 7.e4 dxe4 8.Bxe4 Ngf6
9.Bg2 Bd6 10.c4 O-O 11.Nc3 Rc8 12.b3 Qe7 13.a3 Rfd8 14.Bb2 Nf8 15.Re1 Bc7
16.Ne4 Nxe4 17.Bxe4 Bb6 18.b4 Qg5 19.h4 Qe7 20.Bc2 Qd7 21.c5 Bc7 22.Qg4 g6
23.Bb3 Qe7 24.Qf3 Nd7 25.Rad1 Qf6 26.Qe2 Qf5 27.Rd3 Nf8 28.Rf3 Qh3 29.Qe4 Re8
30.Rfe3 Nd7 31.Rf3 Nf8 32.Qd3 Rcd8 33.Qc3 Rd5 34.Bxd5 cxd5 35.Bc1 Qg4 36.Bf4 Bd8
37.Bd6 Nd7 38.c6 bxc6 39.Rf4 Qh3 40.Qxc6 e5 41.Qxd7 Qxd7 42.Bxe5 f6  0-1

[Event "RUS-Cup"]
[Site "Omsk/Perm"]
[Date "1998.??.??"]
[Round "3"]
[White "Lopushnoy, Denis"]
[Black "Shurygin, Sergey"]
[Result "1-0"]
[WhiteElo "2390"]
[BlackElo "2305"]

1.Nf3 d5 2.g3 Bg4 3.Bg2 Nd7 4.c4 c6 5.cxd5 cxd5 6.Qa4 Bxf3 7.Bxf3 e6 8.e4 dxe4
9.Bxe4 Qc7 10.Nc3 Nf6 11.Bf3 Be7 12.d4 O-O 13.Bf4 Qb6 14.Qb3 Qxd4 15.Rd1 Qb6
16.Qxb6 Nxb6 17.Bxb7 Rad8 18.Ke2 Nfd5 19.Nxd5 Nxd5 20.Bxd5 exd5 21.Rc1 Bf6
22.b3 Bd4 23.f3 Bb6 24.Kd3 Rfe8 25.Rc6 Re6 26.Rhc1 h5 27.b4 Rde8 28.Rxe6 fxe6
29.Be5 Kf7 30.a4 Ra8 31.Rc6 Bd8 32.b5 Bf6 33.Bd6 e5 34.Bc5 Bd8 35.Ra6 Rc8
36.Rxa7+ Ke6 37.Be3 g6 38.a5 d4 39.Bd2 Rc5 40.Rb7  1-0

[Event "Wch U12"]
[Site "Oropesa del Mar"]
[Date "1998.??.??"]
[Round "7"]
[White "Manescu, Tiberiu"]
[Black "Grachev, Boris"]
[Result "1/2-1/2"]
[WhiteElo "2090"]
[BlackElo "2235"]

1.Nf3 d5 2.g3 Bg4 3.Bg2 Nf6 4.O-O Nbd7 5.d3 e5 6.Nbd2 Be7 7.e4 dxe4 8.dxe4 O-O
9.Qe2 h6 10.Nc4 c6 11.h3 Bxf3 12.Bxf3 Qc7 13.Ne3 g6 14.Ng4 h5 15.Nxf6+ Nxf6
16.Bg2 Kg7 17.Kh1 h4 18.g4 Nd7 19.Bd2 g5 20.Bc3 f6 21.Rfd1 Rfd8 22.Rd2 Nf8
23.Rad1 Ne6 24.Rxd8 Rxd8 25.Rxd8 Qxd8 26.Qd2 Qc7 27.a4 b6 28.f3 Qd6 29.Qxd6 Bxd6
30.b4 a6 31.Bf1 b5 32.axb5 axb5 33.Kg2 Kf7 34.Bd2 Ke7 35.c3 Kd7 36.Be3 Kc7
37.Bd3 Kb7 38.Bc2 Bc7 39.Bb3 Bb6 40.Bxe6 Bxe3  1/2-1/2

[Event "Wch U12 Girls"]
[Site "Oropesa del Mar"]
[Date "1998.??.??"]
[Round "10"]
[White "Koneru, Humpy"]
[Black "Kursova, Maria"]
[Result "1-0"]
[WhiteElo "2140"]
[BlackElo "2070"]

1.Nf3 d5 2.g3 e6 3.Bg2 Nf6 4.O-O c5 5.c4 Nc6 6.cxd5 exd5 7.d4 b6 8.Nc3 Be6
9.Bg5 Be7 10.Rc1 O-O 11.b3 Ne4 12.Bxe7 Qxe7 13.dxc5 Nxc3 14.Rxc3 bxc5 15.Qd2 Rac8
16.Rfc1 Nb4 17.e3 Rc7 18.a3 Na6 19.Ne5 Qd6 20.Nd3 Rd8 21.Nf4 Kh8 22.Rd3 d4
23.b4 Rcd7 24.bxc5 Nxc5 25.Rxd4 Qe7 26.Rxd7 Rxd7 27.Qb4 Rc7 28.Nxe6  1-0

[Event "NOR-ch"]
[Site "Oslo"]
[Date "1998.??.??"]
[Round "3"]
[White "Agdestein, Simen"]
[Black "Gausel, Einar"]
[Result "1-0"]
[WhiteElo "2570"]
[BlackElo "2555"]

1.Nf3 d5 2.g3 c6 3.Bg2 Bg4 4.c4 e6 5.cxd5 Bxf3 6.Bxf3 cxd5 7.O-O Nf6 8.Bg2 Nc6
9.d3 Bc5 10.a3 O-O 11.b4 Bd4 12.Ra2 Rc8 13.e3 Bb6 14.Re2 h5 15.Nd2 Ne5 16.Nb3 h4
17.f4 Ned7 18.Bh3 hxg3 19.hxg3 Re8 20.Bb2 Nh7 21.Kg2 f5 22.Nd4 Bxd4 23.Bxd4 Nhf6
24.Qb3 Qe7 25.Rc2 Rxc2+ 26.Qxc2 Nb6 27.Qd1 Nbd7 28.Qa4 a6 29.Rc1 Qd6 30.Qc2 e5
31.fxe5 Nxe5 32.Bxf5 Nc6 33.Qc5 Qxc5 34.Bxc5 Kf7 35.Rf1 Ne7 36.Bh3 Ng6 37.g4 Kg8
38.Kg3 Nf8 39.Bd4  1-0

[Event "Ostrava IM"]
[Site "Ostrava"]
[Date "1998.??.??"]
[Round "?"]
[White "Korneevets, Alexander"]
[Black "Jackova, Jana"]
[Result "1-0"]
[WhiteElo "2410"]
[BlackElo "2195"]

1.Nf3 d5 2.g3 Bg4 3.Bg2 Nf6 4.c4 e6 5.b3 Be7 6.Bb2 O-O 7.O-O c5 8.Ne5 Bf5
9.cxd5 exd5 10.d4 cxd4 11.Bxd4 Nc6 12.Nc3 Qa5 13.Nxc6 bxc6 14.Na4 Ne4 15.Rc1 Rac8
16.f3 Ng5 17.Bc5 Rfe8 18.e4 dxe4 19.Bxe7 Nh3+ 20.Kh1 Rxe7 21.Rc5 Qb4 22.Rxf5 e3
23.Qe1 Nf2+ 24.Kg1 Qxe1 25.Rxe1 Nd3 26.Re2 Nc1 27.Rc2 e2 28.Rxc1 e1=Q+ 29.Rxe1 Rxe1+
30.Kf2 Ra1 31.Nc3 Rd8 32.Re5 f6 33.Re2 Rd3 34.Rc2 h5 35.f4 c5 36.Bf1 Rd4
37.h4 Kh7 38.Be2 Kh6 39.Na4  1-0

[Event "Ostrava Cup"]
[Site "Ostrava"]
[Date "1998.??.??"]
[Round "10"]
[White "Talla, Vladimir"]
[Black "Berezjuk, Sergej"]
[Result "0-1"]
[WhiteElo "2305"]
[BlackElo "2410"]

1.Nf3 d5 2.g3 Bg4 3.Bg2 Nd7 4.c4 e6 5.d4 c6 6.O-O Ngf6 7.b3 h6 8.Bb2 Be7
9.Nbd2 O-O 10.Ne5 Bf5 11.e3 a5 12.a3 Nxe5 13.dxe5 Nd7 14.cxd5 exd5 15.e4 dxe4
16.Nxe4 Nc5 17.Nxc5 Bxc5 18.Qxd8 Rfxd8 19.Bc3 Rd3 20.Rfc1 Bb6 21.Kf1 Rad8
22.Ke1 Bd4 23.Bxd4 R8xd4 24.Rd1 g5 25.Rab1 Rd7 26.b4 Re7 27.Rxd3 Bxd3 28.Rb3 Rxe5+
29.Kd2 Ba6 30.Re3 Rf5 31.Rf3 Rd5+ 32.Kc3 a4 33.Re3 Rd1 34.Be4 Ra1 35.Kd4 Ra2
36.f3 Rxh2 37.g4 Rb2 38.Kc5 Kg7 39.Kb6 Rb3 40.Rxb3 axb3 41.a4 Bc4 42.a5 Bd5
43.Bd3 Bxf3 44.Kxb7 c5+ 45.Kb6 cxb4 46.Kc5 Bd1 47.a6 Bc2 48.a7 Bxd3 49.a8=Q b2  0-1

[Event "Pardubice Czech op"]
[Site "Pardubice"]
[Date "1998.??.??"]
[Round "6"]
[White "Chernuschevich, Alexei"]
[Black "Shabanov, Yuri"]
[Result "1/2-1/2"]
[WhiteElo "2435"]
[BlackElo "2495"]

1.Nf3 d5 2.g3 c6 3.Bg2 Bg4 4.O-O Nd7 5.d3 e6 6.Nbd2 Bd6 7.h3 Bh5 8.e4 Ne7
9.d4 O-O 10.e5 Bc7 11.Nb3 Bb6 12.g4 Bg6 13.Nh4 c5 14.c3 cxd4 15.cxd4 Be4
16.f3 Nc6 17.fxe4 Qxh4 18.exd5 Ncxe5 19.Be3 Ng6 20.dxe6 fxe6 21.Qe2 Bc7 22.Rxf8+ Rxf8
23.Rf1 Qg3 24.Rxf8+ Ndxf8 25.Qf3 Qe1+ 26.Bf1 b6 27.Qf2 Qb1 28.Nc1 Ne7 29.Bd3 Qa1
30.Be4 b5 31.Kg2 Bb6 32.Qc2 h6 33.h4 Kf7 34.g5 hxg5 35.hxg5 g6 36.Kh3  1/2-1/2

[Event "Pardubice Czech op"]
[Site "Pardubice"]
[Date "1998.??.??"]
[Round "6"]
[White "Tibensky, Robert"]
[Black "Moroz, Alexander"]
[Result "0-1"]
[WhiteElo "2435"]
[BlackElo "2490"]

1.Nf3 d5 2.g3 c6 3.Bg2 Bg4 4.O-O Nd7 5.h3 Bh5 6.d3 e6 7.Nbd2 Bd6 8.b3 Ne7
9.Bb2 O-O 10.e4 Rc8 11.Qe1 Bb8 12.Nh2 e5 13.Nhf3 Re8 14.Nh4 Nf8 15.Bf3 Bxf3
16.Ndxf3 d4 17.Nh2 Qd7 18.Kg2 c5 19.c4 dxc3 20.Qxc3 Ne6 21.Ng4 Nd4 22.Ne3 Rc6
23.Rh1 b6 24.Rad1 Rf8 25.Qe1 g6 26.b4 f5 27.bxc5 bxc5 28.Rf1 Rcf6 29.exf5 Qb7+
30.Kh2 Qxb2  0-1

[Event "Telecom op"]
[Site "Pardubice"]
[Date "1998.??.??"]
[Round "6"]
[White "Hornicek, Jiri"]
[Black "Ashiev, Eduard"]
[Result "1/2-1/2"]
[WhiteElo "2265"]
[BlackElo "2230"]

1.Nf3 d5 2.g3 c6 3.Bg2 Bg4 4.c4 e6 5.Qb3 Qb6 6.d4 Nd7 7.c5 Qxb3 8.axb3 e5
9.Nbd2 Be7 10.b4 Bf6 11.dxe5 Nxe5 12.Nxe5 Bxe5 13.e4 dxe4 14.Nxe4 Nf6 15.f4 Bc7
16.Nxf6+ gxf6 17.Kf2 O-O 18.Bd2 Rfe8 19.Rhe1 a6 20.Bc3 Kg7 21.Be4 Re7 22.Bf3 Rxe1
23.Rxe1 Be6 24.Be4 Re8 25.Bc2 h6 26.Re3 Bb8 27.Re1 Bc7 28.Bd3 Bb8 29.Re2 Bc7
30.Kg1 Bb8 31.Bc2 Bc7 32.Kf2 Bb8 33.Kg1 Bc7 34.Kf2 Bb8 35.Kg1 Bc7 36.Kf2 Bb8
37.Bd4 Rd8 38.Ke3 Bc7 39.Re1 Re8 40.Kf2 Rd8 41.Rd1 Bg4 42.Rd2 h5 43.Be4 Re8
44.Bf3  1/2-1/2

[Event "Telecom op"]
[Site "Pardubice"]
[Date "1998.??.??"]
[Round "8"]
[White "Hornicek, Jiri"]
[Black "Saskowski, Jacek"]
[Result "1-0"]
[WhiteElo "2265"]
[BlackElo "2250"]

1.Nf3 d5 2.g3 Bg4 3.Bg2 c6 4.b3 Bxf3 5.Bxf3 e5 6.Bb2 Nd7 7.d3 Ngf6 8.Nd2 Qa5
9.a3 Be7 10.O-O Rd8 11.e4 d4 12.b4 Qc7 13.c3 dxc3 14.Bxc3 Nb6 15.Qc2 Qd6
16.Be2 Nbd7 17.a4 O-O 18.a5 Ne8 19.Nc4 Qc7 20.Qb2 f6 21.Bd2 Nd6 22.Nxd6 Qxd6
23.b5 c5 24.Be3 Kh8 25.Rad1 Qe6 26.Rd2 f5 27.exf5 Qxf5 28.Rc1 Nf6 29.Rc4 b6
30.a6 Nd5 31.Bg4 Qf6 32.Re4 Nxe3 33.Rxe3 Rd4 34.Re4 Rfd8 35.Rde2 Qg6 36.Bf5 Qxf5
37.Rxe5 Qxd3 38.Rxe7 h6 39.Rxa7 Qf3 40.Re1 c4 41.Rc7 Qb3 42.Qa1 c3 43.Qxc3 Qxb5
44.a7 Qa4 45.Kg2 R4d7 46.Re7 Rxe7 47.Rxe7 Rg8 48.Qf3 Qa2 49.Qf7 Qa4 50.Qd5 Rf8
51.Rf7 Re8 52.Rd7 Kh7 53.Qd3+ Kg8 54.Rd8 Qc6+ 55.f3  1-0

[Event "Pardubice Czech op"]
[Site "Pardubice"]
[Date "1998.??.??"]
[Round "8"]
[White "Chernuschevich, Alexei"]
[Black "Moroz, Alexander"]
[Result "1-0"]
[WhiteElo "2435"]
[BlackElo "2490"]

1.Nf3 d5 2.g3 c6 3.Bg2 Bg4 4.d3 Nd7 5.Nbd2 e6 6.O-O Bd6 7.h3 Bh5 8.e4 Ne7
9.Qe1 O-O 10.Nh4 Re8 11.g4 Bg6 12.f4 f5 13.Nxg6 Nxg6 14.e5 Bc5+ 15.Kh2 Rf8
16.g5 a5 17.h4 a4 18.c3 Ba7 19.Nf3 c5 20.Be3 Ne7 21.Qf2 Nc6 22.c4 d4 23.Bd2 Bb6
24.Ne1 Ba5 25.Nc2 Rb8 26.b3 Ra8 27.Rfb1 Bxd2 28.Qxd2 axb3 29.Rxb3 Qc7 30.Kh1 Ra4
31.Rab1 b6 32.Na3 Na7 33.Qb2 Qc8 34.Qe2 Qa6 35.Nb5 Nxb5 36.Rxb5 Qc8 37.Qf3 Ra3
38.R5b3 Rxb3 39.Rxb3 Qc7 40.Qc6 Qa7 41.Qxe6+ Kh8 42.Qe7 Qxa2 43.e6 Qa1+ 44.Kh2 Qe1
45.Rb1  1-0

[Event "HUN-ch op"]
[Site "Pecs"]
[Date "1998.??.??"]
[Round "3"]
[White "Zemerov, Vladimir"]
[Black "Porubszky Angyalosine, Maria A"]
[Result "1/2-1/2"]
[WhiteElo "2330"]
[BlackElo "2170"]

1.Nf3 d5 2.g3 c6 3.Bg2 Bg4 4.c4 Nd7 5.cxd5 cxd5 6.Qa4 Bxf3 7.Bxf3 Nf6 8.Nc3 e6
9.e4 dxe4 10.Nxe4 Nd5 11.O-O Be7 12.Nc3 O-O 13.Nxd5 exd5 14.Qb3 Nc5 15.Qxd5 Qxd5
16.Bxd5 Rfd8 17.Bc4 Bf6 18.Rb1 Rac8 19.b3 Ne4 20.a4 Nxd2 21.Bxd2 Rxd2 22.Rbd1 Rcd8
23.Rxd2 Rxd2 24.Re1 g6 25.Re2 Rxe2 26.Bxe2  1/2-1/2

[Event "HUN-ch op"]
[Site "Pecs"]
[Date "1998.??.??"]
[Round "3"]
[White "Krizsany, Laszlo"]
[Black "Seres, Lajos"]
[Result "1/2-1/2"]
[WhiteElo "2410"]
[BlackElo "2445"]

1.Nf3 d5 2.g3 Nf6 3.Bg2 c6 4.O-O Bg4 5.d3 e6 6.Nbd2 Nbd7 7.b3 Be7 8.Bb2 O-O
9.c4 h6 10.Rc1 a5 11.a3 Bd6 12.d4 Qe7 13.c5 Bc7 14.Qc2 Rfc8 15.e3 b6 16.b4 bxc5
17.bxc5 Rcb8 18.Bc3  1/2-1/2

[Event "World op"]
[Site "Philadelphia"]
[Date "1998.??.??"]
[Round "7"]
[White "Fang, Joseph"]
[Black "Siegel, Noah J"]
[Result "1-0"]
[WhiteElo "2320"]
[BlackElo "2240"]

1.Nf3 d5 2.g3 c6 3.Bg2 Bg4 4.b3 Nd7 5.Bb2 Ngf6 6.O-O e6 7.d3 Be7 8.Nbd2 O-O
9.h3 Bh5 10.e4 a5 11.a3 b5 12.Qe2 Qb6 13.Rfe1 c5 14.a4 b4 15.Qf1 Bd8 16.exd5 exd5
17.Ne5 Ra7 18.Kh1 Nxe5 19.Bxe5 Re7 20.f4 Bg6 21.Bxf6 Qxf6 22.Rxe7 Bxe7 23.Bxd5 Rd8
24.Bc4 Qc3 25.Qd1 Bf6 26.Rc1 Re8 27.Kg2 Re3 28.Nf1 Re8 29.Qf3 Qb2 30.Rd1 Qxc2+
31.Rd2 Qc1 32.f5 Bxf5 33.Qxf5 Qe1 34.Qxc5 Bc3 35.Rf2  1-0

[Event "Pizol op"]
[Site "Pizol"]
[Date "1998.??.??"]
[Round "3"]
[White "Vulevic, Vjekoslav"]
[Black "Kroekel, Bernd"]
[Result "1/2-1/2"]
[WhiteElo "2275"]
[BlackElo "2055"]

1.Nf3 d5 2.g3 Nf6 3.Bg2 g6 4.O-O Bg7 5.d3 O-O 6.Nbd2 c6 7.h3 b6 8.e4 dxe4
9.dxe4 Nfd7 10.Re1 Qc7 11.Qe2 e5 12.b3 Re8 13.a4 a5 14.Nc4 f6 15.Ba3 Bf8
16.Bxf8 Nxf8 17.Qe3 Nbd7 18.Rad1 Ba6 19.Bf1 Red8 20.h4 Ne6 21.Qh6 Ndf8 22.h5 Bxc4
23.Bxc4 Qg7 24.Qe3 Qc7 25.Nh4 Kg7 26.h6+ Kh8 27.c3 Rxd1 28.Rxd1 Rd8 29.Rf1 c5
30.f4 exf4 31.gxf4 Qe7 32.e5 f5 33.Nf3 Qd7 34.Rf2 Qe7 35.Bf1 Qd7 36.Nd2 Qe7
37.Nc4 Rb8 38.Qg3 Nd8 39.Rd2 Nf7 40.Qh2 Rb7 41.Nd6 Rd7 42.Nxf7+ Qxf7 43.Rxd7 Qxd7
44.Qh4 Ne6 45.Qh1 Qd8 46.Qf3 Qh4 47.Bc4 Qe1+ 48.Kg2 Qd2+ 49.Kg3 Nc7 50.e6 Nxe6
51.Qa8+ Nd8 52.Qd5 Qxc3+ 53.Kg2 Qc2+ 54.Kg1 Qc1+ 55.Kg2 Qc2+ 56.Kg3 Qc3+
57.Kf2 Qb2+ 58.Be2 Qd4+ 59.Qxd4+ cxd4 60.Bc4 Nb7 61.Ke2 Nd6 62.Bd5 b5 63.Kd3 bxa4
64.bxa4 Nc8 65.Kxd4 Nb6 66.Bc6 Kg8 67.Kc5 Nxa4+ 68.Bxa4 Kf7 69.Bb3+ Kf6 70.Bg8 g5
71.Bxh7 gxf4 72.Bxf5  1/2-1/2

[Event "Plzen opJ-C"]
[Site "Plzen"]
[Date "1998.??.??"]
[Round "1"]
[White "Suran, Jan"]
[Black "Hroch, J."]
[Result "1-0"]
[WhiteElo "2295"]
[BlackElo "2035"]

1.Nf3 d5 2.g3 Nf6 3.Bg2 g6 4.b3 Bg7 5.Bb2 O-O 6.O-O c5 7.c4 e6 8.cxd5 exd5
9.d4 Ne4 10.Nc3 Nc6 11.e3 Bg4 12.Ne2 Re8 13.h3 Bxf3 14.Bxf3 Ng5 15.Bg2 Qd7
16.Nf4 Ne4 17.Rc1 cxd4 18.exd4 Bh6 19.Qg4 f5 20.Qf3 g5 21.Qh5 Kg7 22.Nd3 Nf6
23.Qd1 g4 24.Ne5 Qe6 25.Rc5 f4 26.hxg4 fxg3 27.f4 Nxe5 28.dxe5 Nxg4 29.Bxd5 Ne3
30.Rc7+ Re7 31.Bxe6 Rxc7 32.Qf3 Nxf1 33.Kxf1 Rf8 34.f5 Rc2 35.Qxg3+ Kh8 36.Qh4 Bg7
37.Ba3 Re8 38.Bd6 Rc1+ 39.Ke2  1-0

[Event "Plzen opJ-C"]
[Site "Plzen"]
[Date "1998.??.??"]
[Round "2"]
[White "Kalista, K."]
[Black "Hercik, Josef"]
[Result "0-1"]
[WhiteElo "1910"]
[BlackElo "1870"]

1.Nf3 d5 2.g3 c5 3.Bg2 Nc6 4.d4 e6 5.O-O Nf6 6.c4 dxc4 7.Qa4 Qa5 8.Qxc4 b5
9.Qc2 Nb4 10.Qd1 Bb7 11.a3 Rd8 12.Bd2 cxd4 13.Qe1 Nfd5 14.Nxd4 Qb6 15.e3 Nd3
16.Ba5 Nxe1 17.Bxb6 Nxg2 18.Bxd8 Kxd8 19.Nxb5 Bc5 20.e4 Nde3 21.fxe3 Nxe3
22.Nd2 Nc2+ 23.Kg2 Nxa1 24.Rxa1 a6 25.Nc3 f5 26.Re1 Rf8 27.Nb3 Bb6 28.Rd1+ Ke7
29.Nd2 fxe4 30.Ndxe4 Rf2+ 31.Kh3 Rxb2 32.Na4 Rb5 33.Nec3 Bf3 34.Nxb5 Bxd1
35.Nbc3 Bxa4 36.Nxa4 Bd4 37.Kg2 Kd6 38.Kf3 Kc6 39.Ke4 e5 40.Kd3 Kd5 41.g4 e4+
42.Kc2 Kc4 43.h4 e3 44.h5 h6  0-1

[Event "CRO-Cup"]
[Site "Pula"]
[Date "1998.??.??"]
[Round "5"]
[White "Sulava, Nenad"]
[Black "Jukic, Branimir"]
[Result "0-1"]
[WhiteElo "2450"]
[BlackElo "2385"]

1.Nf3 d5 2.g3 Nf6 3.Bg2 g6 4.b4 Bg7 5.Bb2 O-O 6.d3 c6 7.Nbd2 a5 8.bxa5 Qxa5
9.a4 Qb6 10.Ra2 Ne4 11.dxe4 Bxb2 12.Qb1 Bd4 13.Nxd4 Qxd4 14.exd5 cxd5 15.c3 Qxc3
16.O-O Qe5 17.Nf3 Qd6 18.Rd1 Nc6 19.Qc1 Kg7 20.Nd4 Nxd4 21.Rxd4 Qf6 22.Rh4 h5
23.Rb4 Qe5 24.Rb5 Rd8 25.e4 e6 26.exd5 exd5 27.a5 Ra6 28.Rd2 Be6 29.h3 Rc6
30.Qd1 Rdc8 31.Kh2 Rc1 32.Qe2 Qxe2 33.Rxe2 R1c2 34.Rxc2 Rxc2 35.Kg1 d4 36.Be4 Ra2
37.Kg2 Ra3 38.Rxb7 Kf6 39.Rb4 d3 40.Rb2 Ke5 41.f3 Kd4 42.Kf2 Rxa5 43.Rb4+ Kc3
44.Rb6 Ra2+ 45.Ke3 Re2+ 46.Kf4 d2 47.Rc6+ Bc4  0-1

[Event "Pula op"]
[Site "Pula"]
[Date "1998.??.??"]
[Round "5"]
[White "Markowski, Tomasz"]
[Black "Romanishin, Oleg M"]
[Result "1/2-1/2"]
[WhiteElo "2505"]
[BlackElo "2570"]

1.g3 d5 2.Nf3 g6 3.c4 dxc4 4.Qa4+ Nc6 5.Qxc4 Bg7 6.Bg2 Nf6 7.O-O O-O 8.d3 e5
9.Nc3 h6 10.Be3 Re8 11.Rac1 a6 12.Qh4 Ne7 13.Qa4 Nf5 14.Bc5 Bd7 15.Qc2 b6
16.Ba3 c5 17.b4 cxb4 18.Bxb4 Rc8 19.Qd2 a5 20.Ba3 b5 21.Bb2 b4 22.Ne4 Nxe4
23.dxe4 Nd4 24.Nxd4 exd4 25.Bxd4 Rxc1 26.Rxc1 Bh3 27.Bxh3 Qxd4 28.Qxd4 Bxd4
29.Rc4 Rd8 30.Bc8 a4 31.Rxb4 Bc5 32.Rb8 Kg7 33.Ra8 a3 34.Bb7 Rxa8 35.Bxa8 g5
36.Kg2 f6 37.Kf3 Bd4 38.e3 Bc3 39.Bc6 Be1 40.Be8 Kf8 41.Bh5 Ke7 42.Ke2 Ba5
43.Kd3 Kd6 44.Kc4 Be1 45.f4 Bd2 46.Kd4 Ba5 47.e5+ fxe5+ 48.fxe5+ Ke7 49.Ke4 Kf8
50.Kf5 Kg7  1/2-1/2

[Event "Pula op"]
[Site "Pula"]
[Date "1998.??.??"]
[Round "7"]
[White "Markowski, Tomasz"]
[Black "Bukal, Vladimir Sr"]
[Result "1-0"]
[WhiteElo "2505"]
[BlackElo "2400"]

1.g3 d5 2.Nf3 Nf6 3.Bg2 c6 4.O-O Bg4 5.d3 Nbd7 6.c4 e6 7.cxd5 cxd5 8.Nc3 Be7
9.Nh4 O-O 10.h3 Bh5 11.g4 Bg6 12.f4 Ne8 13.Nf3 Bc5+ 14.Kh1 Nd6 15.Na4 Bb6
16.Bd2 Bc7 17.Rc1 h5 18.Qe1 hxg4 19.hxg4 Rc8 20.Be3 Bb8 21.Nc3 Qe8 22.Qf2 f5
23.g5 a6 24.Kg1 Kf7 25.Nd4 Rh8 26.Rc2 Bh5 27.Rfc1 Kg6 28.Nb3 Bg4 29.Bd4 Qg8
30.e4 dxe4 31.dxe4 fxe4 32.Nxe4 Nf5 33.Rxc8  1-0

[Event "CRO-chT2"]
[Site "Pula"]
[Date "1998.??.??"]
[Round "8"]
[White "Sinanovic, Muhamed"]
[Black "Glavas, Dragan"]
[Result "1-0"]
[WhiteElo "2400"]
[BlackElo "2300"]

1.Nf3 d5 2.g3 c6 3.Bg2 Bg4 4.O-O Nd7 5.d4 e6 6.Nbd2 Bd6 7.e4 Ne7 8.Re1 O-O
9.c3 Bh5 10.Qb3 Qb8 11.c4 Re8 12.Nf1 dxc4 13.Qxc4 Bxf3 14.Bxf3 e5 15.Bg4 Nb6
16.Qd3 Bb4 17.Rd1 Ng6 18.Qb3 Be7 19.Be3 exd4 20.Bxd4 Ne5 21.Be2 Qc7 22.f4 Ned7
23.Rac1 Nf6 24.Bf3 Rad8 25.Ne3 c5 26.Nf5 c4 27.Qb5 Bf8 28.Bxb6 axb6 29.e5 Nd7
30.Qxc4 Bc5+ 31.Kg2 Nxe5 32.fxe5 Qxe5 33.Qc2 Rc8 34.Rd5 Qf6 35.Qc3 Qxc3 36.Rxc3 g6
37.Nd6 Bxd6 38.Rxd6 Rxc3 39.bxc3 Rc8 40.Rd3 Rc7 41.Kf2 Kf8 42.Ke2  1-0